000
00254 a2200121 4500
000
nam a22 7a 4500
005
20260413124313.0
100
_a
Mano
_9
1233934
245
_a
Digital design
250
_a
6th ed
260
_b
Pearson
942
_c
TEXL
999
_c
1848253
_d
1848253